00879nam a22002177a 4500003000900000008004100009020002200050040007100072082001800143100003000161245008500191260004700276300003800323505013400361650002700495650003400522650001300556650001500569700004100584710003600625AR-CdUCM190327b ||||| |||| 00| 0 spa d a978-9972-9043-6-3 aMUNICIPALIDAD PROVINCIAL DEL CUSCOcBIBLIOTECA MUNICIPAL DEL CUSCO a232.91 /bG66 aGonzález-Quevedo, Oscar aNuestra Señora de Guadalupe :bla visión de María sobre América Latina / aLima :bRicardo Angulo-Basombrío,c2014. a62 páginas ;blámina,c19 cm. aContenido: Nuestra señora -- El pueblo Azteca -- Una historia del siglo XVI -- Juan Diego -- De la ermita a las basílicas ... aApariciones y milagros aNuestra Señora de Guadalupe aHistoria aReligión aAngulo Basombrío, Ricardo (editor) aComunidad Pasionista (auspicio)